000 00543nam a2200217Ia 4500
003 OSt
005 20220928141238.0
006 a|||||r|||| 00| 0
007 ta
008 220927b |||||||| |||| 00| 0 eng d
024 _a14166
037 _cTextual
040 _aSDCL
_cSDCL
_beng
041 _2eng
_aeng
082 _aO-,M09:g, L0
100 _aPettigrew John
_9499450
245 0 _aTennyson
_b The early poems.
260 _c1970
942 _hO-,M09:g, L0
_cTEXL
_2CC
999 _c816575
_d816575